Largest Cities in Arizona🌵🏜 - Statistics

General Stats
  • This quiz has been taken 34 times
    32 since last reset
  • The average score is 10 of 20
Answer Stats
Population City % Correct
1.7 mil Phoenix
93%
548k Mesa
86%
557k Tucson
86%
78k Flagstaff
72%
268k Scottsdale
69%
273k Chandler
66%
266k Gilbert
66%
259k Glendale
66%
100k Yuma
66%
153k Surprise
62%
187k Peoria
59%
207k Tempe
55%
98k Goodyear
52%
95k Buckeye
38%
94k Avondale
31%
63k Casa Grande
28%
58k Maricopa
28%
96k San Tan Valley
10%
70k Casas Adobes
3%
62k Queen Creek
3%
No matching quizzes found
Score Distribution
Percent of People with Each Score
Percentile by Number Answered
Your Score History
You have not taken this quiz since the last reset